000 00355cam a2200157ua 4500
041 _aeng
_h
082 _a821
_bCHA/CA
100 _aChaucer, .
245 _aCanterbury Tales /
_cChaucer.
_hTextual Documents
250 _a2 /
_b.
260 _aLondon :
_bJohn Murray ,
_c1956.
300 _a169 ; .
504 _a
942 _cBK
999 _c942
_d942